000
00296nam a2200121Ia 4500
005
20260328101445.0
008
260328s9999||||xx |||||||||||||| ||und||
100
_a
Maritain, Jacques
245
0
_a
Georges Rouault /
_c
Jacques Maritain
260
_b
Harry N. Abrams
650
_a
PINTURA
942
_c
BK
999
_c
8427
_d
8427